Normal view
MARC view
- Practical digital logic design and testing
Entry Topical Term
001 - CONTROL NUMBER
- control field: 127114
003 - CONTROL NUMBER IDENTIFIER
- control field: NUST
005 - DATE AND TIME OF LATEST TRANSACTION
- control field: 20241212145217.0
008 - FIXED-LENGTH DATA ELEMENTS
- fixed length control field: 241212|| aca||aabn | a|a d
040 ## - CATALOGING SOURCE
- Original cataloging agency: NUST
- Transcribing agency: NUST
150 ## - HEADING--TOPICAL TERM
- Topical term or geographic name entry element: Practical digital logic design and testing
670 ## - SOURCE DATA FOUND
- Source citation: Work cat.: (NUST): Parag K.Lala 127113, Practical digital logic design and testing , 1996.
